000 004680000a22001810004500
020 _a978-84-236-7865-5
082 0 4 _aB M46
100 1 _aCanyelles, Anna
245 1 0 _aMe llamo Vito
250 _a1a edición
260 _aEspaña : Edebé
300 _a32p/21x20cm
440 0 _aCol. Vito
500 _aPara niños a partir de los tres años
505 0 0 _aMe llamo Vito -- Odio la siesta -- íTengo piojos! -- Me he hecho Pipí
001 2227
942 _cLGB
999 _c49373
_d49373